000 00686nam a2200205Ii 4500
003 JO-AjNU
008 230605s9999||||xx |||||||||||||| ||und||
017 _a1997/269
040 _aJO-AjNU
_bara
_erda
_cJO-AjNU
041 _aara
050 1 4 _aPJ7510 1998
100 3 _aالعبيدي، مهدي شاكر,
_eauthor
_919820
245 0 0 _aأضواء على الجانب الآخر
264 3 1 _aبغداد: دار الشؤون الثقافية، 1998
300 _a384ص
336 _atext
_btxt
_2rdacontent
337 _aunmediated
_bn
_2rdamedia
338 _avolume
_bnc
_2rdacarrier
650 4 _aالأدب العربي - تاريخ ونقد - مقالات ودراسات
_919821
999 _aA6608
_c10176
_d10176